000 00473nam a2200193Ia 4500
003 GCL
008 140319s9999 xx 000 0 eng d
040 _aGCL /
_cGCL
082 0 4 _a425
_bN C
100 1 _aNOLASCO, ROB
245 1 0 _aCONVERSATION /
_cNOLASCO, ROB
700 1 _aARTHUR, LOIS
260 _a[S.N] :
_bELBS ،
_c1991
300 _a148 P
650 0 4 _aENGLISH LANGUAGE - GRAMMAR
650 0 4 _aENGLISH LANGUAGE
650 0 4 _aCONVERSATION
942 _2ddc
_cBK
999 _c10613
_d10613